00570nam a2200169 i 450000100060000000300090000600500170001500700030003200800410003510000310007624500710010726000420017830000210022085200210024199900170026295201210027937186ES-MaACL20230906155524.0t|030220s1915 mx ||||1| spa d1 aBustamante, Luis F.93287213aLa defensa de El Ebano b: los libertarios / cLuis F. Bustamante. aTampico (México) : bTampa, c1915. a25 p. ; c28 cm. aES-MaACLjF-1504 c37186d37186 00104070aATENEOMbATENEOMcDEPO2d2008-01-17eSCl0oF-1504p1039125r2023-02-23 00:00:00w2023-02-23yMONOGRAFIA